| 000 | 00821cab a2200241 4500 | ||
|---|---|---|---|
| 001 | WB3243-14 | ||
| 008 | 090401t1996 xxu||||| |||| 00| 0 eng d | ||
| 035 | _a(Sirsi) u50201 | ||
| 041 | _aeng | ||
| 245 | _aCheap roofing tiles threaten diversity of Old England | ||
| 260 | _c1996 | ||
| 350 | _a0 | ||
| 490 |
_aTimes _v14 November 1996, 9(1) |
||
| 520 | _aSir Jocelyn Stevens, English Heritage chairman launches ` Roofs of England` campaign aimed at promoting traditional English stone slate roofs. | ||
| 650 | _aBUILDING CONSERVATION | ||
| 650 | _aBUILT ENVIRONMENT-BUILDING ELEMENTS-COMPLETE BUILDING ELEMENTS-ROOFS | ||
| 650 | _aSTONE SLATES | ||
| 650 | _aTRADITIONAL BUILDING MATERIALS | ||
| 690 | _aBUILT ENVIRONMENT-BUILDING MATERIALS | ||
| 690 | _aCONSERVATION | ||
| 942 | _n0 | ||
| 948 | _c04/03/1997 | ||
| 999 |
_c31342 _d31342 |
||